000 01239cam a22003737a 4500
003 CHAP
005 20220817043434.0
008 980423d1987 mx r 00110 spa d
010 _a75379
011 _a76351
020 _a9681624882
035 _a85933
040 _cCHAP
082 0 4 _a338.9
_bS42
100 0 0 _aSeers, Dudley
_ecomp.
_9103591
245 1 0 _aTeoría de la dependencia :
_bUna revaluación crítica
_c/comp. por Dudley Seers
260 0 _aMéxico, D.F. :
_bFondo de Cultura Económica,
_c1987.
300 _a247 p. :
_bgráfs.
410 2 1 _aFondo de Cultura Económica
490 0 _aSección de obras de economía
590 _aBATCH-UPD
_b10
_c20130110
_lUCH01
_h0755
590 _aBATCH-UPD
_b10
_c20130410
_lUCH01
_h0434
590 _aBATCH-UPD
_b10
_c20130914
_lUCH01
_h1151
590 _aCONVERSION
_b10
_c20130109
_lUCH01
_h1341
650 1 4 _aDesarrollo económico.
650 1 4 _aIndustrialización.
_957923
650 1 4 _aInnovaciones tecnológicas.
_958829
810 0 0 _aFondo de Cultura Económica
_942096
830 0 _aSección de obras de economía
901 _aBK
905 _aAlejandra Carrasco M.
942 _cLIBRO
949 _a338.9 S42
_bBC
_cLIBRO
_d33724000591384
_eLIBRO
_h93036
_i85933
_sb
_t$15.600
999 _c75379
_d75379